000 00696nam a2200241Ia 4500
003 OSt
005 20220923225110.0
006 a|||||r|||| 00| 0
007 ta
008 220922b |||||||| |||| 00| 0 hin d
024 _a257,276
037 _cTextual
040 _aARTS
_cARTS
_bhin
041 _2hin
_ahin
082 _aS1:7:7, 152N3
100 _aमिश्र, देवेन्द्रनाथ
245 0 _aकौमारभृत्य
246 _aKaumārabhṛutya
260 _c1993
650 _aमनोविज्ञान
942 _hS1:7:7, 152N3
_cTEXL
_2CC
999 _c376034
_d376034